| 000 | 004190000a22001690004500 | ||
|---|---|---|---|
| 005 | 20120302054854.0 | ||
| 942 | _cBOOK | ||
| 245 | _a Shiv-Charitra-Saahitya | ||
| 260 | _aPune:Mujumdaar,Gan.Naa.,1942. | ||
| 300 | _a322p. | ||
| 490 | _aBharat-Itihaas-Sanshodhak Mandal Granthmaalaa-55. | ||
| 040 | _aMAR | ||
| 365 | _b3.50/- | ||
| 650 | _aItihaas | ||
| 650 | _aMaratha-Itihaas | ||
| 650 | _aShiv Charitra Saahitya | ||
| 999 |
_c346837 _d346834 |
||